[Event "Nuremberg Zabo op 08th"]
[Site "Nuremberg"]
[Date "2006.09.24"]
[Round "4"]
[White "Mock, Guenther"]
[Black "Sidorov, Alexey"]
[Result "1-0"]
[WhiteElo "1138"]
[BlackElo "1233"]
[PlyCount "55"]
[EventDate "2006.09.22"]
[EventType "swiss"]
[EventRounds "5"]
[EventCountry "GER"]
[SourceTitle "EXT 2018"]
[Source "ChessBase"]
[SourceDate "2017.10.13"]
[SourceVersion "1"]
[SourceVersionDate "2017.10.13"]
[SourceQuality "1"]

1. e4 e6 2. Nf3 d5 3. e5 c5 4. d4 Nc6 5. Bb5 Qa5+ 6. Nc3 cxd4 7. Nxd4 Bd7 8. Nb3 Qc7 9. 0-0 Nxe5 10. Bxd7+ Nxd7 11. Re1 h5 12. Nxd5 Qc6 13. Nf4 Ngf6 14. f3 g5 15. Nd3 Rg8 16. Kh1 g4 17. Ne5 Qc7 18. Nxd7 Nxd7 19. fxg4 Rxg4 20. Qe2 Rh4 21. g3 Qxg3 22. Rg1 Qc7 23. Bg5 Rc4 24. Rg2 Qc6 25. Na5 Re4 26. Qxh5 Qc5 27. Rf1 Ne5 28. Nb3 1-0